LDR 01082naa#a2200193#i#450# 001 RU\INFRA-M\bibl\126399 005 20260706024524.1 011 ## _a2306-1731 100 ## _a20260623b2026####ek#y0rusy0150####ca 102 ## _aRU 200 1# _aNEET-молодежь и перспективы рынка труда _eЖурнальная статья 210 1# _aМосква _cОбщество с ограниченной ответственностью «Научно-издательский центр ИНФРА-М» _d2026 215 ## _a7 с. 608 ## _aЖурнальная статья _2local 675 ## _aСтруктура рынка труда. 331.52 _aБезработица. Структурная безработица. Конъюнктурная безработица. Сезонная безработица. Текучая безработица. Последствия безработицы и борьба с ними. 331.56 _z 700 #1 _aСербина _gН. В. 700 #1 _aЧудиновских _gМ. В. 700 #1 _aГудошникова _gЮ. В. 856 4# _anaukaru.ru _u